Statistics for Religion by Letter - W

Click here to take the quiz!

General Stats

  • This quiz has been taken 98 times
  • The average score is 13 of 20

Answer Stats

HintAnswer% Correct
Muslim men are permitted to have
as many as four of these
Wives
97%
Jesus turned water into thisWine
96%
What Mars is mainly the god ofWar
95%
Christian denomination founded by
Charles Taze Russell
Jehovah's
{Witnesses}
88%
Type of Buddhist temple – its most
famous one is called "Angkor"
Wat
85%
Collegiate church in London where
British monarchs are married
Westminster
Abbey
85%
Type of elephants considered
sacred in Thailand
{White}
Elephant
81%
One of the seven deadly sinsWrath
73%
Modern religion that was
invented by Gerald Gardner
Wicca
71%
What some dervishes doWhirl
68%
Fundamentalist branch of IslamWahhabi
62%
Shortest Bible verse: Jesus ...Wept
60%
Holy site of Judaism in JerusalemWestern Wall
56%
Symbol used in Buddhism{Wheel} of Dharma
53%
Founder of MethodismJohn Wesley
46%
Another name for the abovePagan {Witchcraft}
45%
Catholic cardinal who was the
Lord Chancellor to King Henry VIII
Thomas Wolsey
42%
Abbasid academy center
during the Islamic Golden Age
House of
{Wisdom}
26%
Word used in Sikhism to refer to God{Wahe}guru
14%
Islamic ritual of cleansing parts of the
body before going to prayer
Wudu
9%

Score Distribution

Percentile by Number Answered

Percent of People with Each Score

Your Score History

You have not taken this quiz